000 00615nam a2200193Ia 4500
003 GCL
008 140319s9999 xx 000 0 ara d
040 _aGCL /
_cGCL
082 0 4 _a860
_bت ا
100 1 _aترافن، ب
245 1 0 _aانتفاضة المشانق (هدية من الاديب عبدالفتاح الجمل) /
_cترافن، ب
700 1 _aمؤنس الرزاز
300 _a267 ص
490 _aذاكرة الشعوب
_v0
650 0 4 _aالادب
650 0 4 _aالقصص الاسبانية المترجمة
650 0 4 _aالادب الاسبانى المترجم
942 _2ddc
_cBK
999 _c46890
_d46890